| 000 | 01044nam0a22002531i 4500 | ||
|---|---|---|---|
| 001 | rc\1067806 | ||
| 005 | 20240723215009.0 | ||
| 035 | _a(NLR Aleph) 006228049 | ||
| 090 |
_a6541823 _c6541823 |
||
| 100 | _a20041129d1980 u |0rusy50 ca | ||
| 101 | 0 | _arus | |
| 102 | _aRU | ||
| 105 | _aa ||||||||| | ||
| 200 | 1 |
_aСовершенствование планирования производственных мощностей в отраслевой подсистеме АСПР _e(На прим. отраслей машиностроения) _eАвтореф. дис. на соиск. учен. степ. к. э. н. |
|
| 210 |
_aМ. _d1980 |
||
| 215 |
_a23 с. _cил. |
||
| 300 | _aВ надзаг.: Госплан СССР, Науч.-исслед. экон. ин-т | ||
| 320 | _aСписок работ авт.: с. 22-23 | ||
| 333 | _aДСП. Экз. № 84 | ||
| 700 | 1 |
_aЛозовский _bЛ.Ш. _gЛеонид Шарапович |
|
| 801 | 0 |
_aRU _bNLR _gpsbo |
|
| 801 | 1 |
_aRU _bELAR _2rusmarc |
|
| 852 |
_aNLR _j80-50К/2671 |
||
| 942 | _cBOOK | ||